00606nam a22001817a 4500952013100000999001700131003000400148005001700152008004100169040000900210082001800219100002200237245004700259250001200306260005000318300001400368942004200382 00102ddc40708ISLAMaMESbMEScISLd2021-04-12g150.00l0o297.14 KAB/Sp41079r2021-04-13 00:00:00w2021-04-13yBKzGL46R1 c41288d41288OSt20210413121801.0210413b ||||| |||| 00| 0 eng d coclc a297.14bKAB/S 91846aKabeer, V A aShareeathum Indian Muslikalum/cV A Kabeer a5th ed. aKozhikkode:bIslamic Publishing House,c2017. a178 pages 2ddccBKh297.14iKAB/Sk297.14mKAB/S